Reading, Rewriting Poe's The Oval Portrait (Record no. 150)

MARC details
000 -LEADER
campo de control de longitud fija 00414 a2200133 4500
020 ## - NÚMERO INTERNACIONAL ESTÁNDAR DEL LIBRO
Número Internacional Estándar del Libro 995300742x
082 ## - NÚMERO DE LA CLASIFICACIÓN DECIMAL DEWEY
Número de clasificación 892.956.9
Número de ítem T722r
100 ## - ENTRADA PRINCIPAL--NOMBRE DE PERSONA
Nombre de persona Toufic, Jalal
9 (RLIN) 728
245 ## - MENCIÓN DEL TÍTULO
Título Reading, Rewriting Poe's The Oval Portrait
Resto del título In Your Dreams
260 ## - PUBLICACIÓN, DISTRIBUCIÓN, ETC.
Lugar de publicación, distribución, etc. Beirut, Lebanon
Nombre del editor, distribuidor, etc. Ashkal Alwan
Fecha de publicación, distribución, etc. 2004
300 ## - DESCRIPCIÓN FÍSICA
Extensión 36 p
Otras características físicas ill (col)
Dimensiones 21 cm
650 ## - PUNTO DE ACCESO ADICIONAL DE MATERIA--TÉRMINO DE MATERIA
Subdivisión general literatura
-- ficcion
-- filosofia
Subdivisión geográfica libano (arabe)
9 (RLIN) 729
700 ## - ENTRADA AGREGADA--NOMBRE PERSONAL
Nombre de persona Jalal Toufic
9 (RLIN) 730
Holdings
Estatus retirado Estado de pérdida Fuente del sistema de clasificación o colocación Estado de daño No para préstamo Biblioteca de origen Biblioteca actual Ubicación en estantería Fecha de adquisición Total de préstamos Signatura topográfica completa Código de barras Visto por última vez Precio de reemplazo Tipo de ítem Koha
    Clasificación Decimal Dewey     Biblioteca LadoV Biblioteca LadoV   22/05/2014   892.956.9 T722r 003975 22/05/2014 22/05/2014 Material 01